000
00255nam a22001097a 4500
008
170124b xxu||||| |||| 00| 0 eng d
020
_a
9781416051909
041
_a
eng
080
_2
8TH
_a
618.2
245
_a
MEDICAL-SURGICAL NURSING
_c
BLACK
942
_2
udc
_c
BK
999
_c
3514
_d
3514